Planning reform must stay on track (Record no. 70406)

MARC details
000 -LEADER
fixed length control field 00956cam a2200217 4500
001 - CONTROL NUMBER
control field WB3820-20
008 - FIXED-LENGTH DATA ELEMENTS--GENERAL INFORMATION
fixed length control field 020530n2002 000 0 eng u
035 ## - SYSTEM CONTROL NUMBER
System control number (Sirsi) u118252
245 ## - TITLE STATEMENT
Title Planning reform must stay on track
260 ## - PUBLICATION, DISTRIBUTION, ETC.
Date of publication, distribution, etc. 2002
490 ## - SERIES STATEMENT
Series statement RICS Press Release
Volume/sequential designation (pr066) 20 May 2002 (2)
520 ## - SUMMARY, ETC.
Summary, etc. RICS says Tony Blair must not use the shake up at the Department of Transport Local Government and the Regions (DLTR) as an excuse to delay vital reforms in the planning system. Under the new structure land use planning and transport will be overseen by separate departments. RICS News Release http://www.rics.org/ricscms/bin/show?class=PressRelease&template=/includes/showpr.html&id=747
590 ## - LOCAL NOTE (RLIN)
Local note WB
650 ## - SUBJECT ADDED ENTRY--TOPICAL TERM
Topical term or geographic name entry element PLANNING REFORM
650 ## - SUBJECT ADDED ENTRY--TOPICAL TERM
Topical term or geographic name entry element DTLR
650 ## - SUBJECT ADDED ENTRY--TOPICAL TERM
Topical term or geographic name entry element PLANNING SYSTEM
650 ## - SUBJECT ADDED ENTRY--TOPICAL TERM
Topical term or geographic name entry element RICS
650 ## - SUBJECT ADDED ENTRY--TOPICAL TERM
Topical term or geographic name entry element GOVERNMENT DEPARTMENTS
690 ## - LOCAL SUBJECT ADDED ENTRY--TOPICAL TERM (OCLC, RLIN)
Topical term or geographic name as entry element ENVIRONMENTAL AND LAND CONSULTANCY-PLANNING AND DEVELOPMENT
942 ## - ADDED ENTRY ELEMENTS (KOHA)
Suppress in OPAC 0
Holdings
Withdrawn status Lost status Source of classification or shelving scheme Damaged status Not for loan Home library Current library Shelving location Date acquired Total Checkouts Full call number Barcode Date last seen Copy number Price effective from Koha item type
    Dewey Decimal Classification     London London News article 30/05/2002   WB3820-20 118252-1001 06/08/2019 1 06/08/2019 News article